Vedecké práce Výskumného ústavu pôdoznalectva a výživy rastlín v Bratislave/12

Na minha lista:
Detalhes bibliográficos
Formato: Livro
Idioma:eslovaco
Publicado em: Bratislava Príroda 1983
Colecção:Rastlinná výroba
Tags: Adicionar Tag
Sem tags, seja o primeiro a adicionar uma tag!

MARC

LEADER 00000nam a2200000 4500
001 c116349
005 20250702080321.2
041 0 |a slo 
044 |a SK 
245 1 0 |a Vedecké práce Výskumného ústavu pôdoznalectva a výživy rastlín v Bratislave/12 
264 1 |a Bratislava  |b Príroda  |c 1983 
300 |a 167 s. 
490 1 |a Rastlinná výroba 
830 0 |a Rastlinná výroba